000 00577nam a22001697a 4500
999 _c3834
_d234338
020 _a9502909577
080 _a340.12 Al 27
245 _aLas razones de la producciòn del Derecho
_bArgumentaciòn constitucional, argumentaciòn parlamentaria y argumentaciòn en la selecciòn de jueces
260 _aBuenos Aires
_bFacultad de Derecho. Universidad de Buenos Aires
_c2006
300 _a280 P.
_c23 X 16 Cm.
490 _aInvestigaciones
650 _xderecho
650 _xargumentacion
650 _xargumentacion parlamentaria
942 _6_
945 _acd
_d2015-04-30